| 000 | 00563nam a22001817a 4500 | ||
|---|---|---|---|
| 003 | BD-DhUL | ||
| 005 | 20190827155207.0 | ||
| 008 | 181017s1916 ii ||||| |||| 00| 0 urd d | ||
| 040 |
_aBD-DhUL _cBD-DhUL |
||
| 082 |
_a891.431 _bMOM |
||
| 100 | 1 | 0 | _aمونس، میر۔ |
| 245 | 0 | 0 |
_aمجموعہ مرثیہ میر مونس / _cمیر مونس۔ |
| 246 | _aMajmua-e-Marsiya Meer Monis | ||
| 260 |
_aکانپور : _bمطبع نامی منشی نولکشور، _c۱۹۱۶۔ |
||
| 300 |
_aص۔ ۳۲۰ ؛ _c۲۷ سم۔ |
||
| 650 | 4 | _aUrdu poetry. | |
| 942 |
_2ddc _cBK |
||
| 999 |
_c249452 _d249452 |
||